Digital communications / (Record no. 87930)

MARC details
000 -LEADER
fixed length control field 00709nam a22002417a 4500
005 - DATE AND TIME OF LATEST TRANSACTION
control field 20140827110527.0
010 ## - LCCN (DPL NO)
LC control number ENG-110672
020 ## - INTERNATIONAL STANDARD BOOK NUMBER
International Standard Book Number 9789339204792
Terms of availability 875.00
020 ## - INTERNATIONAL STANDARD BOOK NUMBER
International Standard Book Number 9339204794
Terms of availability 875.00
035 ## - SYSTEM CONTROL NUMBER
System control number EN-94204
037 ## - SOURCE OF ACQUISITION
Source of stock number/acquisition DBAD/PUB
082 ## - DEWEY DECIMAL CLASSIFICATION NUMBER
Classification number 621.382
100 ## - MAIN ENTRY--PERSONAL NAME
Personal name Proakis, John G.
245 ## - TITLE STATEMENT
Title Digital communications /
Statement of responsibility, etc by John G. Proakis [and] Masoud Salehi
250 ## - EDITION STATEMENT
Edition statement 5th ed
260 ## - PUBLICATION, DISTRIBUTION, ETC. (IMPRINT)
Place of publication, distribution, etc New Delhi
Name of publisher, distributor, etc McGraw Hill Education
Date of publication, distribution, etc 2014
270 ## - ADDRESS
Address P-24, Green Park Extn.
City New Delhi
Postal code 110016
300 ## - PHYSICAL DESCRIPTION
Extent xviii,1150p.
Dimensions 26cm(pbk)
500 ## - GENERAL NOTE
General note Includes index
650 ## - SUBJECT ADDED ENTRY--TOPICAL TERM
Topical term or geographic name as entry element Digital communications
700 ## - ADDED ENTRY--PERSONAL NAME
Personal name Salehi, Masoud
942 ## - ADDED ENTRY ELEMENTS (KOHA)
Source of classification or shelving scheme Dewey Decimal Classification
Item type English Books
Call number suffix PRO
Classification part 621.382
Holdings
Withdrawn status Lost status Not for loan Collection code Home library Current library Date acquired Source of acquisition Cost, normal purchase price Full call number Barcode Copy number Cost, replacement price Koha item type
    Not For Loan Non-fiction D.B.Act.Division D.B.Act.Division 20/08/2014 DBAD/PUB 875.00 621.382 PRO EN-94204 1 875.00 English Books

© Delhi Public Library
Hit Counter
free hit counter